Spanish vocab week 45 - Statistics

General Stats
  • This quiz has been taken 8 times
  • The average score is 16 of 70
Answer Stats
Hint Answer % Correct
to approve aprobar
100%
to adapt oneself adaptarse
75%
to end/ culminate culminar
50%
to deny denegar
50%
dynastic dinástico
50%
assault el asalto
50%
leader el dirigente
50%
duke/ duchess el duque
50%
scandal el escándalo
50%
fraud el fraude
50%
to expel expulsar
50%
unfair injusto
50%
hunt la caza
50%
dynasty la dinastía
50%
to waste malgastar
50%
repentant arrepentido
25%
authoritarian autoritario
25%
constitutional constitucional
25%
the disappeared desaparecidos
25%
to exile desterrar
25%
sceptre el cetro
25%
decree el decreto
25%
imprisonment el encarcelamiento
25%
infante/prince/princess el infante
25%
head of state el jefe/ a de estado
25%
lineage el linaje
25%
monarch el monarca
25%
budget el presupuesto
25%
prince/princess el príncipe
25%
commotion el revuelo
25%
throne el trono
25%
to make an error equivocarse
25%
to shock escandalizar
25%
to take up exile exiliarse
25%
closeness la cercanía
25%
offspring la descendencia
25%
magnitude la magnitud
25%
proclamation la proclamación
25%
anger la rabia
25%
patriotic patriótico
25%
to proclaim proclamar
25%
royal real
25%
to reign/ rule reinar
25%
to renounce/ give up renunciar
25%
to restore restaurar
25%
symbolic simbólico
25%
to symbolise simbolizar
25%
despot/ tyrant déspota
0%
to sack echar
0%
money laundering el blanqueo
0%
exile el destierro
0%
trigger el detonante
0%
execution el fusilamiento
0%
coup d'état el golpe de estado
0%
heir el heredero
0%
president/ head of state el mandatario
0%
pause/ hiatus el paréntesis
0%
commoner el plebeyo
0%
reign el reinado
0%
humbleness la humildad
0%
embezzlement la malversación
0%
staff/ workforce la plantilla
0%
election las elecciones
0%
naturalness la sencillez
0%
to be in charge mandar
0%
to massage maquillar
0%
by/ by means of mediante
0%
to win back recuperar
0%
unprecedented sin precedentes
0%
to mentor/ be guardian of tutelar
0%
No matching quizzes found
Score Distribution
Percent of People with Each Score
Percentile by Number Answered
Your Score History
You have not taken this quiz